000 00665cam a22002413a 4500
001 17745
003 PGUSA
005 20140828083358.0
008 060210s2006||||xxu|||||s|||||000 1 eng d
040 _aPGUSA
_beng
042 _adc
050 4 _aPS
100 1 _aCurwood, James Oliver,
_d1878-1927
245 1 4 _aThe Courage of Marge O'Doone
_h[electronic resource] /
_cJames Oliver Curwood
260 _bProject Gutenberg,
_c2006
506 _aPublic domain in the USA.
516 _aElectronic text
653 _aFiction
700 1 _aRalph, Lester
830 0 _aProject Gutenberg
_v17745
856 4 0 _uhttp://www.gutenberg.org/ebooks/17745
942 _cEB
999 _c247000
_d247000